| 000 | 00337nam a22001097a 4500 | ||
|---|---|---|---|
| 008 | 230623b xxu||||| |||| 00| 0 eng d | ||
| 082 |
_a339 _bGOK 2004 |
||
| 245 |
_aInvestment Programme for the Economic Recovery Strategy for Wealth and Employment Creation _b2003- 2007 |
||
| 260 |
_aKenya _bGOK _c2004 |
||
| 300 | _aVII,141p | ||
| 942 |
_2ddc _cBK |
||
| 999 |
_c2522 _d2522 |
||